| 000 | 01152nam0a22002771 4500 | ||
|---|---|---|---|
| 001 | rc\2318243 | ||
| 005 | 20260407083429.0 | ||
| 035 | _a(NLR Aleph) 006577844 | ||
| 090 |
_a7013933 _c7013933 |
||
| 100 | _a20110829d1977 |||y0rusy50 ca | ||
| 101 | 0 | _arus | |
| 102 | _aRU | ||
| 105 | _aa z ||||| | ||
| 200 | 1 |
_aИсследования по теории динамической гравиметрии _e[Сборник] _fОтв. ред. д. т. н. проф. А.В. Шестаков _gАН СССР. Ин-т физики Земли имени О.Ю. Шмидта. Пензен. политехн. ин-т |
|
| 210 |
_aМосква _cБ. и. _d1977 |
||
| 215 |
_a272 с. _cил. _d22 |
||
| 320 | _aБиблиогр. в конце статей | ||
| 702 | 1 |
_aШестаков _bА.В. _gАлександр Вячеславович _4340 |
|
| 712 | 0 | 2 |
_aИнститут физики Земли им. О. Ю. Шмидта _cМосква _3RU\NLR\AUTH\8810453 _9293512 |
| 801 | 0 |
_aRU _bNLR _gpsbo |
|
| 801 | 1 |
_aRU _bELAR _2rusmarc |
|
| 852 |
_aNLR _j78-5/493 |
||
| 899 |
_aRuMoRGB _jБ 77-10/1572 |
||
| 899 |
_aRuMoRGB _jБ 77-10/1573 |
||
| 942 | _cBOOK | ||
| 980 | _aNB | ||